Premier League Top Nations - Statistics

General Stats
  • This quiz has been taken 31 times
  • The average score is 12 of 15
Answer Stats
Hint Answer % Correct
Players: 250Goals: 217 England
100%
Players: 27Goals: 27 France
100%
Players: 13Goals: 19 Germany
100%
Players: 33Goals: 62 Brazil
97%
Players: 15Goals: 18 Argentina
93%
Players: 26Goals: 29 Netherlands
93%
Players: 19Goals: 17 Spain
93%
Players: 23Goals: 24 Portugal
90%
Players: 5Goals: 29 Norway
86%
Players: 9Goals: 29 Sweden
83%
Players: 3Goals: 29 Egypt
76%
Players: 6Goals: 20 Columbia
59%
Players: 5Goals: 23 Senegal
59%
Players: 1Goals: 18 New Zeeland
38%
Players: 8Goals: 20 Ghana
34%
No matching quizzes found
Score Distribution
Percent of People with Each Score
Percentile by Number Answered
Your Score History
You have not taken this quiz